| 000 | 00478nam a2200193Ia 4500 | ||
|---|---|---|---|
| 008 | 170918s9999 xx 000 0 und d | ||
| 020 | _a9780330437301 | ||
| 050 | _bR328 2004 | ||
| 100 | _aRees, Gwyneth | ||
| 245 | _aFairy treasure : | ||
| 245 | _ba fairy who needs a friend / | ||
| 245 | _cby Gwyneth Rees. | ||
| 260 | _aLondon : | ||
| 260 | _bMacmillan childrens books, | ||
| 260 | _c2004 | ||
| 300 | _a235 pages : | ||
| 300 | _billustrations ; | ||
| 300 | _c19cm. | ||
| 999 |
_c343484 _d343484 |
||